Normal view MARC view

Entry Personal Name

Number of records used in: 2

001 - CONTROL NUMBER

  • control field: 82635

003 - CONTROL NUMBER IDENTIFIER

  • control field: dpl

005 - DATE AND TIME OF LATEST TRANSACTION

  • control field: 20250707102654.0

008 - FIXED-LENGTH DATA ELEMENTS

  • fixed length control field: 250707|| aca||aabn | a|a d

040 ## - CATALOGING SOURCE

  • Original cataloging agency: dpl
  • Transcribing agency: dpl

100 ## - HEADING--PERSONAL NAME

  • Personal name: Bhardwaj, A.P

670 ## - SOURCE DATA FOUND

  • Source citation: Work cat.: (dpl)212130: Bhardwaj, A.P, LA/LR Legal Awareness and Legal Reasoning 2025-2026/, 2025

© Delhi Public Library
Hit Counter
free hit counter